书目信息 |
| 题名: |
半小时漫画《论语》
|
|
| 作者: | 陈磊·半小时漫画团队 著 | |
| 分册: | ||
| 出版信息: | 上海 文汇出版社 2021.09 |
|
| 页数: | 366页 | |
| 开本: | 21cm | |
| 丛书名: | ||
| 单 册: | ||
| 中图分类: | B222.2 | |
| 科图分类: | ||
| 主题词: | 先秦哲学 | |
| 电子资源: | ||
| ISBN: | 978-7-5496-3635-8 | |
| 000 | 00659nam0 2200193 450 | |
| 001 | 2356972908 | |
| 005 | 20231007155426.95 | |
| 010 | @a978-7-5496-3635-8@dCNY59.90 | |
| 100 | @a20231007d2021 km y0chiy0120 ea | |
| 101 | 0 | @achi |
| 102 | @aCN@b310000 | |
| 200 | 1 | @a半小时漫画《论语》@ABan Xiao Shi Man Hua《Lun Yu》@f陈磊·半小时漫画团队 著@FChen Lei·Ban Xiao Shi Man Hua Tuan Dui Zhu |
| 210 | @a上海@c文汇出版社@d2021.09 | |
| 215 | @a366页@d21cm | |
| 606 | 0 | @a先秦哲学 |
| 690 | @aB222.2@v4 | |
| 701 | 0 | @a陈磊·半小时漫画团队@AChen Lei·Ban Xiao Shi Man Hua Tuan Dui@4著 |
| 801 | 0 | @aCN@b大连网信软件有限公司图书馆·11@c20231007 |
| 905 | @aZUCC@dB222.2@e1089 | |
| 半小时漫画《论语》/陈磊·半小时漫画团队 著.-上海:文汇出版社,2021.09 |
| 366页;21cm |
| ISBN 978-7-5496-3635-8:CNY59.90 |
| ● |
| 相关链接 |
|
|
|
|
正题名:半小时漫画《论语》
索取号:B222.2/1089
 
预约/预借
| 序号 | 登录号 | 条形码 | 馆藏地/架位号 | 状态 | 备注 |
| 1 | 0568809 | 205688095 | 第一样本阅览室/ [索取号:B222.2/1089] | 在馆 |